| 000 | | | 04990cbc2a2200000#x 450 |
| 001 | | | 8a3eab58-65cd-4400-873e-9040a2507c08 |
| 005 | | | 20230320151521.0 |
| 101 | 0# | $a | rus |
| 102 | ## | $a | RU |
| 200 | 1# | $a | Дело о пожаловании драматическому писателю Александру Островскому бриллиантового перстня из Кабинета его величества за сочиненую им драму: "Козьма Минин- Сухорук" |
| | $j | 17 февраля - 26 марта 1862 г. |
| 251 | ## | $c | Дело |
| 215 | ## | $a | 12 листов |
| | $d | 36,5х26 см |
| 225 | 0# | $a | Фонд Департамент народного просвещения Министерства народного просвещения |
| | $h | Опись № 5 |
| 801 | #0 | $a | RU |
| | $b | РГИА |
| 801 | #1 | $2 | rusmarc |
| | $a | RU |
| | $b | РГИА |
| | $c | 20160805 |
| 801 | #2 | $a | RU |
| | $b | ПБ им. Б.Н. Ельцина |
| | $g | RCR |
| | $2 | rusmarc |
| 850 | ## | $a | Федеральное казенное учреждение "Российский государственный исторический архив" |
| 852 | ## | $a | РГИА |
| | $j | 206 |
| 100 | ## | $a | 20130909l18621862k##a0rusy0102####ca |
| 937 | ## | $d | 10765139 |
| | $h | ПБ |
| 105 | ## | $a | y### |
| 122 | 2# | $a | d18620217## |
| | $a | d18620326## |
| 461 | #0 | $1 | 001a74412a3-3cc5-4d21-8f0a-dfe2fbd9e72d |
| | $1 | 2001 |
| | $a | Департамент народного просвещения Министерства народного просвещения |
| | $1 | 251 |
| | $c | Фонд |
| | $1 | 852 |
| | $j | 733 |
| 462 | #0 | $1 | 001c92179f3-edd4-4ce9-84cd-70ccf585cbac |
| | $1 | 2001 |
| | $a | 1859-1862 гг. |
| | $v | Д. 206 |
| | $1 | 251 |
| | $c | Опись |
| | $1 | 852 |
| | $j | 5 |
| 035 | ## | $a | 8a3eab58-65cd-4400-873e-9040a2507c08 |
| 300 | ## | $a | Рукописный текст. Чернила |
| 300 | ## | $a | Оригинальный заголовок дела: Дело о пожаловании драматического писателя Александра Островского, бриллиантовым перстнем из Кабинета его величества за сочиненую им драму: "Козьма Минин Сухорук" |
| 517 | 1# | $a | Дело о пожаловании драматического писателя Александра Островского, бриллиантовым перстнем из Кабинета его величества за сочиненую им драму: "Козьма Минин Сухорук" |
| 600 | #1 | $2 | nlr_sh |
| | $3 | RU\NLR\AUTH\66370345 |
| | $a | Островский |
| | $b | А.Н. |
| | $f | 1823 - 1886 |
| | $g | Александр Николаевич |
| | $j | Архивные дела |
| 605 | ## | $2 | acquisition_Prlib |
| | $3 | LIBNET\UAF\0000106615 |
| | $a | А. Н. Островский |
| | $l | коллекция |
| 605 | ## | $2 | acquisition_Prlib |
| | $3 | DITM\AF\0000003865 |
| | $a | Русский язык |
| | $l | коллекция |
| 686 | ## | $2 | rubbk |
| | $a | 83.3(2=Рус)5-8Островский.ю1 |
| | $v | LBC/M |